000 00728cab a2200253 4500
001 ABS49452
008 090401t1993 xxu||||| |||| 00| 0 eng d
035 _a(Sirsi) u71332
041 _aeng
245 _aEstates Times survey: Manchester update
260 _c1993
350 _a0
490 _aEstates Times
_v(1209) 22 October 1993, 12-22(11)
650 _aGREATER MANCHESTER
650 _aINDUSTRIAL MARKET
650 _aMANCHESTER
650 _aPROPERTY-COMMERCIAL PROPERTY-OFFICE PROPERTY-OFFICE PROPERTY MARKET
650 _aOLYMPIC GAMES 2000
650 _aTRAFFORD PARK
650 _aTRANSPORT
690 _aPROPERTY-COMMERCIAL PROPERTY-COMMERCIAL PROPERTY MARKET
942 _n0
948 _c04/03/1997
999 _c44952
_d44952